Molecular structure: the physical approach (Record no. 1215800)

MARC details
000 -LEADER
fixed length control field 00768nam a2200265Ia 4500
003 - CONTROL NUMBER IDENTIFIER
control field OSt
005 - DATE AND TIME OF LATEST TRANSACTION
control field 20221007125738.0
008 - FIXED-LENGTH DATA ELEMENTS--GENERAL INFORMATION
fixed length control field 221006b |||||||| |||| 00| 0 eng d
037 ## - SOURCE OF ACQUISITION
Terms of availability Textbook
040 ## - CATALOGING SOURCE
Original cataloging agency CDL
Transcribing agency CDL
Language of cataloging eng
041 ## - LANGUAGE CODE
Source of code eng
Language code of text/sound track or separate title eng
100 ## - MAIN ENTRY--PERSONAL NAME
Personal name Brand J C D
9 (RLIN) 635013
245 #0 - TITLE STATEMENT
Title Molecular structure: the physical approach
Remainder of title Speakman C
260 ## - PUBLICATION, DISTRIBUTION, ETC.
Place of publication, distribution, etc. London
Name of publisher, distributor, etc. Edward Arnold (Publishers) Ltd.
Date of publication, distribution, etc. 1960
300 ## - PHYSICAL DESCRIPTION
Extent 312p.
Dimensions cm.
500 ## - GENERAL NOTE
General note Index 305-312p.
650 ## - SUBJECT ADDED ENTRY--TOPICAL TERM
Topical term or geographic name entry element Molecular structure
9 (RLIN) 713791
700 ## - ADDED ENTRY--PERSONAL NAME
Personal name Speakman C
9 (RLIN) 722426
942 ## - ADDED ENTRY ELEMENTS (KOHA)
Classification part E:218, L5 TE
Koha item type Textbook
Source of classification or shelving scheme Colon Classification (CC)
Holdings
Withdrawn status Lost status Source of classification or shelving scheme Damaged status Not for loan Home library Current library Date acquired Total Checkouts Full call number Barcode Date last seen Price effective from Koha item type
    Colon Classification (CC)     Department of Chemistry Library Department of Chemistry Library 2022-10-07   E:218 L5 TE CD0005121 2022-10-07 2022-10-07 Textbook
Copyright @ Delhi University Library System